Chelsea F.C. 2020-21 Squad - Statistics

General Stats
  • This quiz has been taken 630 times
    491 since last reset
  • The average score is 22 of 25
Answer Stats
No. Position Nationality Answer % Correct
1 GK Spain Kepa Arrizabalaga
100%
2 DF Germany Antonio Rüdiger
97%
16 GK Senegal Edouard Mendy
97%
7 MF France N'Golo Kanté
97%
10 FW United States Christian Pulisic
96%
5 MF Italy Jorginho
96%
29 MF Germany Kai Havertz
95%
6 DF Brazil Thiago Silva
94%
11 FW Germany Timo Werner
94%
19 MF England Mason Mount
93%
17 MF Croatia Mateo Kovačić
93%
4 DF Denmark Andreas Christensen
92%
28 DF Spain César Azpilicueta
89%
- Manager England Frank Lampard
89%
22 MF Morocco Hakim Ziyech
88%
3 DF Spain Marcos Alonso
88%
9 FW England Tammy Abraham
83%
24 DF England Reece James
82%
21 DF England Ben Chilwell
76%
13 GK Argentina Willy Caballero
76%
18 FW France Olivier Giroud
75%
33 DF Italy Emerson
72%
15 DF France Kurt Zouma
71%
23 MF Scotland Billy Gilmour
68%
20 FW England Callum Hudson-Odoi
67%
No matching quizzes found
Score Distribution
Percent of People with Each Score
Percentile by Number Answered
Your Score History
You have not taken this quiz since the last reset